[Event "ODJM A 2023"]
[Site "Willingen GER"]
[Date "2023.05.28"]
[Round "1"]
[White "Nguyen, Phuc Nhat"]
[Black "Yelisieiev, Yevhenii"]
[Result "0-1"]
[Termination "normal"]
[Board "1"]
[BlackTitle "IM"]
[WhiteElo "1929"]
[BlackElo "2418"]
[PlyCount "78"]
[WhiteFideId "16253590"]
[BlackFideId "14139642"]
[EventCountry "GER"]
[EventRounds "9"]
[EventType "swiss"]
[EventDate "2023.05.27"]

{normal} 1. e4 1... c5 2. Nf3 e6 3. d4 cxd4 4. Nxd4 a6 5. Nc3 b5 6. g4 Bb7 7.
Bg2 b4 8. Nce2 Nf6 9. Ng3 d5 10. e5 Nfd7 11. f4 Bc5 12. Nb3 Ba7 13. Qe2 Qb6 14.
f5 Nc6 15. Bf4 a5 16. O-O-O a4 17. Na1 Rc8 18. Kb1 Nd4 19. Qd2 Nb5 20. Nh5 Nc3+
21. Kc1 Nxa2+ 22. Kb1 Nc3+ 23. Kc1 Nxd1 24. Nxg7+ Kd8 25. Rxd1 Rg8 26. Nh5 Rxg4
27. Bh3 Rxf4 28. Nxf4 Qe3 29. fxe6 fxe6 30. Nxe6+ Ke7 31. Nf4 Rc4 32. Rf1 Nxe5
33. Kd1 Rd4 34. Nd3 Qxd2+ 35. Kxd2 Nxd3 36. cxd3 Rh4 37. Rf3 Bd4 38. Nc2 Bxb2
39. Nxb4 Rxb4 0-1

[Event "ODJM A 2023"]
[Site "Willingen GER"]
[Date "2023.05.28"]
[Round "1"]
[White "Gluma, Christian"]
[Black "Paeslack, Luis"]
[Result "1/2-1/2"]
[Termination "normal"]
[Board "2"]
[WhiteElo "2161"]
[BlackElo "1887"]
[PlyCount "44"]
[WhiteFideId "16223209"]
[BlackFideId "12987760"]
[EventCountry "GER"]
[EventRounds "9"]
[EventType "swiss"]
[EventDate "2023.05.27"]

{normal} 1. e4 1... c5 2. Nf3 d6 3. d4 cxd4 4. Nxd4 Nf6 5. Nc3 g6 6. Be3 Bg7 7.
f3 Nc6 8. Qd2 O-O 9. O-O-O d5 10. exd5 Nxd5 11. Nxc6 bxc6 12. Bd4 e5 13. Bc5
Be6 14. Ne4 Re8 15. Bc4 Qc7 16. Bb3 Rad8 17. Qf2 Bh6+ 18. Kb1 f5 19. Qh4 Kg7
20. Bd6 Rxd6 21. Nxd6 Qxd6 22. c4 Qb4 1/2-1/2

[Event "ODJM A 2023"]
[Site "Willingen GER"]
[Date "2023.05.28"]
[Round "1"]
[White "Lohr, Maximilian"]
[Black "Held, Momme Fredrik"]
[Result "1-0"]
[Termination "normal"]
[Board "4"]
[WhiteElo "2106"]
[BlackElo "1914"]
[PlyCount "57"]
[WhiteFideId "12999717"]
[BlackFideId "16237692"]
[EventCountry "GER"]
[EventRounds "9"]
[EventType "swiss"]
[EventDate "2023.05.27"]

{normal} 1. d4 1... d5 2. Nc3 Nf6 3. Bf4 g6 4. h4 Bg7 5. e3 O-O 6. h5 Nxh5 7.
Rxh5 gxh5 8. Qxh5 c6 9. Bd3 f5 10. Nf3 Qe8 11. Qh2 Nd7 12. O-O-O Nf6 13. Rh1 e6
14. g4 Kf7 15. Bd6 h6 16. Ne5+ Kg8 17. f3 Qd8 18. Bxf8 Kxf8 19. Qf4 Ke8 20.
gxf5 exf5 21. Bxf5 Bxf5 22. Qxf5 Qe7 23. Rg1 Kd8 24. Ne2 Kc7 25. Nf4 Rg8 26.
Ne6+ Kd6 27. Nc5 Kc7 28. Qe6 Qf8 29. Ned7 1-0

[Event "ODJM A 2023"]
[Site "Willingen GER"]
[Date "2023.05.28"]
[Round "1"]
[White "Vollbehr, Bjarne"]
[Black "Bold, André"]
[Result "0-1"]
[Termination "normal"]
[Board "5"]
[WhiteElo "1867"]
[BlackElo "2194"]
[PlyCount "208"]
[WhiteFideId "34606025"]
[BlackFideId "16208471"]
[EventCountry "GER"]
[EventRounds "9"]
[EventType "swiss"]
[EventDate "2023.05.27"]

{normal} 1. d4 1... Nf6 2. c4 c6 3. g3 d5 4. Bg2 Bf5 5. Nf3 e6 6. O-O h6 7. Qb3
Qb6 8. c5 Qxb3 9. axb3 Na6 10. Nc3 Nd7 11. Ne1 e5 12. e3 Nc7 13. b4 exd4 14.
exd4 a6 15. Nf3 O-O-O 16. Re1 g5 17. Ne5 Nxe5 18. Rxe5 Be6 19. Re1 Bg7 20. Be3
Rde8 21. Rad1 Bf5 22. Rd2 Re7 23. Bf1 Rhe8 24. Bd3 Bxd3 25. Rxd3 f5 26. Red1
Ne6 27. Ne2 Rf7 28. f4 g4 29. Nc1 Rfe7 30. Bf2 Nc7 31. Kf1 Nb5 32. Nb3 Re4 33.
Re1 h5 34. Red1 Bf6 35. R1d2 Bd8 36. Na1 a5 37. Nc2 axb4 38. Ne3 Rf8 39. Ke2 b6
40. Kd1 Kb7 41. Kc2 Be7 42. cxb6 Kxb6 43. Kb3 h4 44. Rd1 h3 45. Nc2 Bd6 46. Re3
Rxe3+ 47. Nxe3 Nc7 48. Be1 Kb5 49. Rd3 Na6 50. Ka2 Rf7 51. b3 Bf8 52. Nc2 Nc7
53. Re3 Bd6 54. Kb2 Rf8 55. Bd2 Re8 56. Kc1 Ne6 57. Kd1 Ng7 58. Ke2 Rxe3+ 59.
Nxe3 Bf8 60. Kd3 Bd6 61. Be1 Bc7 62. Nc2 Nh5 63. Ne3 Ng7 64. Nc2 Ba5 65. Ne3
Kb6 66. Ke2 Kc7 67. Nc2 Ne6 68. Kd3 Kd6 69. Bf2 Ng7 70. Ke2 Nh5 71. Be1 Nf6 72.
Ne3 Ke6 73. Nd1 Ne4 74. Nf2 c5 75. Nxe4 dxe4 76. dxc5 Kd5 77. Bf2 Bd8 78. Ke3
Kxc5 79. Be1 Be7 80. Bd2 Kd5 81. Be1 Bc5+ 82. Ke2 Kc6 83. Kd2 Kb5 84. Ke2 Bd4
85. Bd2 Kc5 86. Be1 Bg1 87. Kf1 Bxh2 88. Bf2+ Kd5 89. Ke2 Bxg3 90. Bxg3 Kd4 91.
Kd2 e3+ 92. Ke2 Kc3 93. Kxe3 Kxb3 94. Kd4 Kc2 95. Ke5 b3 96. Kxf5 b2 97. Kxg4
b1=Q 98. Kxh3 Kd3 99. Kg4 Ke4 100. Bh4 Qg1+ 101. Bg3 Qd1+ 102. Kg5 Qf3 103. Kh4
Kf5 104. Bh2 Qg4# 0-1

[Event "ODJM A 2023"]
[Site "Willingen GER"]
[Date "2023.05.28"]
[Round "1"]
[White "Stemmler, Fabian"]
[Black "Uhlmann, Tim"]
[Result "1-0"]
[Termination "normal"]
[Board "6"]
[WhiteElo "2084"]
[BlackElo "1859"]
[PlyCount "119"]
[WhiteFideId "12964808"]
[BlackFideId "16239210"]
[EventCountry "GER"]
[EventRounds "9"]
[EventType "swiss"]
[EventDate "2023.05.27"]

{normal} 1. e4 1... e5 2. Nc3 Nf6 3. Bc4 c6 4. d4 Bb4 5. dxe5 Nxe4 6. Qd4 Nxc3
7. bxc3 Be7 8. Bf4 O-O 9. Nf3 Kh8 10. Bd3 f6 11. Qc4 g6 12. O-O d5 13. exd6
Bxd6 14. Bh6 Re8 15. Qh4 Nd7 16. Bxg6 Bxh2+ 17. Qxh2 hxg6 18. Bf4+ Kg8 19. Bc7
Qe7 20. Rae1 Ne5 21. Bxe5 fxe5 22. Rxe5 Be6 23. Ng5 Qf6 24. Qh7+ Kf8 25. Rxe6
Rxe6 26. Nxe6+ Qxe6 27. Rd1 Re8 28. Rd7 Qe1+ 29. Kh2 Qe5+ 30. g3 Qf6 31. Qh6+
Kg8 32. Qd2 Re7 33. Rxe7 Qxe7 34. Qd4 a6 35. Qc4+ Kg7 36. a4 a5 37. Qd4+ Kg8
38. Qb6 Qf6 39. Kg2 Qf5 40. Qxb7 Qd5+ 41. Kh2 Qh5+ 42. Kg2 Qd5+ 43. f3 Qd2+ 44.
Kh3 Qh6+ 45. Kg4 Qh5+ 46. Kf4 Qf5+ 47. Ke3 Qc5+ 48. Ke2 Qc4+ 49. Kd2 Qd5+ 50.
Kc1 Qxf3 51. Qa8+ Kh7 52. Qxa5 Qxg3 53. Kb2 g5 54. Qb6 g4 55. a5 Qf3 56. Qb7+
Kg6 57. a6 c5 58. Qb8 g3 59. a7 g2 60. a8=Q 1-0

[Event "ODJM A 2023"]
[Site "Willingen GER"]
[Date "2023.05.28"]
[Round "1"]
[White "Hofmann, Benjamin"]
[Black "Weidemann, Jakob"]
[Result "0-1"]
[Termination "normal"]
[Board "7"]
[WhiteElo "1700"]
[BlackElo "2125"]
[PlyCount "87"]
[WhiteFideId "16270266"]
[BlackFideId "16255470"]
[EventCountry "GER"]
[EventRounds "9"]
[EventType "swiss"]
[EventDate "2023.05.27"]

{normal} 1. e4 1... c5 2. Nc3 Nc6 3. Nge2 d6 4. g3 g6 5. Bg2 Bg7 6. O-O e6 7.
d3 Nge7 8. f4 O-O 9. Be3 Nd4 10. Qd2 Rb8 11. Nd1 b5 12. c3 Nxe2+ 13. Qxe2 b4
14. cxb4 Rxb4 15. Rb1 Ba6 16. Bd2 Rd4 17. Nf2 c4 18. Bc3 cxd3 19. Qd2 Ra4 20.
Nxd3 Rxa2 21. Bxg7 Kxg7 22. Qc3+ Kg8 23. Rfd1 Qb6+ 24. Kh1 Rc8 25. Qf6 Bxd3 26.
Rxd3 Rc2 27. Qd4 Qxd4 28. Rxd4 Raxb2 29. Rxb2 Rxb2 30. h3 Rb6 31. Kg1 f5 32. g4
fxe4 33. Bxe4 a5 34. Kf2 Rb4 35. Rxd6 Rxe4 36. Kf3 Rb4 37. Rxe6 Nd5 38. f5 gxf5
39. gxf5 Rf4+ 40. Kg3 Rxf5 41. Kg4 Rf6 42. Re5 Rd6 43. Re8+ Kg7 44. Re7+ 0-1

[Event "ODJM A 2023"]
[Site "Willingen GER"]
[Date "2023.05.28"]
[Round "1"]
[White "Savchenko, Daniel"]
[Black "Hoffmann, Kay"]
[Result "1/2-1/2"]
[Termination "normal"]
[Board "8"]
[WhiteElo "2104"]
[BlackElo "1805"]
[PlyCount "86"]
[WhiteFideId "12919195"]
[BlackFideId "16227000"]
[EventCountry "GER"]
[EventRounds "9"]
[EventType "swiss"]
[EventDate "2023.05.27"]

{normal} 1. e4 1... e5 2. Nf3 Nf6 3. d4 Nxe4 4. Bd3 d5 5. dxe5 Nc5 6. Be2 Be7
7. Nbd2 O-O 8. Nf1 c6 9. Ng3 Qc7 10. b3 Bg4 11. Bb2 Nbd7 12. Qd4 Bxf3 13. gxf3
Ne6 14. Qg4 Nxe5 15. Qf5 Bb4+ 16. c3 Nd4 17. Qb1 Nexf3+ 18. Kd1 Nxe2 19. Nxe2
Bd6 20. Qf5 Nh4 21. Qg4 Ng6 22. Nd4 Rae8 23. h4 Re4 24. Qg2 Nf4 25. Qf3 Be5 26.
Nf5 Bf6 27. Ng3 Rd8 28. Kc2 Re6 29. Bc1 Be5 30. Re1 Bd6 31. Rg1 Rde8 32. Bxf4
Bxf4 33. Nh5 Re2+ 34. Kb1 Re1+ 35. Rxe1 Rxe1+ 36. Kb2 Rxa1 37. Kxa1 Be5 38. Ng3
h6 39. Nf5 Qa5 40. Kb2 b5 41. Ne7+ Kh8 42. Nxc6 Qc7 43. Qxd5 Bf6 1/2-1/2

[Event "ODJM A 2023"]
[Site "Willingen GER"]
[Date "2023.05.28"]
[Round "1"]
[White "Longo, Massimo"]
[Black "Sabirov, Rafael"]
[Result "0-1"]
[Termination "normal"]
[Board "9"]
[WhiteElo "1890"]
[BlackElo "2089"]
[PlyCount "146"]
[WhiteFideId "16205227"]
[BlackFideId "16241185"]
[EventCountry "GER"]
[EventRounds "9"]
[EventType "swiss"]
[EventDate "2023.05.27"]

{normal} 1. d4 1... Nf6 2. c4 c5 3. e3 cxd4 4. exd4 d5 5. Nc3 Nc6 6. Be3 g6 7.
cxd5 Nxd5 8. Bc4 Nxe3 9. fxe3 Bh6 10. Qf3 O-O 11. Nge2 Qb6 12. O-O Kg7 13. Nd5
Qd8 14. Nef4 e5 15. dxe5 Nxe5 16. Qe4 Nxc4 17. Qxc4 Bxf4 18. Rxf4 f6 19. Rc1
Be6 20. Qc7+ Rf7 21. Qxd8 Rxd8 22. Nc3 Rd2 23. Rf2 Rfd7 24. Rc2 R2d3 25. e4 Bc4
26. h3 Re3 27. Nd5 Bxd5 28. exd5 Rd3 29. Rfd2 Rxd2 30. Rxd2 f5 31. Re2 Kf6 32.
Re6+ Kf7 33. Re5 Rd6 34. Kh2 Kf6 35. Re8 Rxd5 36. Rf8+ Kg7 37. Rc8 Rd7 38. Kg3
Kf6 39. Rc3 Rd2 40. Rb3 b6 41. Rb5 g5 42. a4 Re2 43. Rb3 h5 44. Kf3 Re4 45. Ra3
Rb4 46. b3 Ke5 47. Ke3 g4 48. hxg4 Rxg4 49. Kf2 Rb4 50. Ke3 h4 51. a5 b5 52. a6
Rg4 53. Ra2 Rg3+ 54. Kf2 Rxb3 55. Re2+ Kf6 56. Rc2 Ra3 57. Rc5 Rxa6 58. Rxb5
Ra3 59. Rb7 a5 60. Rh7 Kg5 61. Rg7+ Kf4 62. Rh7 Ra2+ 63. Kg1 Kg5 64. Rh8 Ra4
65. Kf2 Rf4+ 66. Ke3 Rg4 67. Kf2 a4 68. Ra8 Re4 69. Kf3 Rb4 70. Rg8+ Kf6 71.
Ra8 Ke5 72. Ra5+ Kd4 73. Rxf5 Kc3 0-1

[Event "ODJM A 2023"]
[Site "Willingen GER"]
[Date "2023.05.28"]
[Round "1"]
[White "Koll, Linus"]
[Black "Hahn, Peter"]
[Result "1/2-1/2"]
[Termination "normal"]
[Board "10"]
[WhiteElo "2084"]
[BlackElo "1814"]
[PlyCount "96"]
[WhiteFideId "12990299"]
[BlackFideId "34627316"]
[EventCountry "GER"]
[EventRounds "9"]
[EventType "swiss"]
[EventDate "2023.05.27"]

{normal} 1. e4 1... e6 2. b3 d5 3. Bb2 Nf6 4. e5 Nfd7 5. f4 c5 6. Qg4 Nc6 7.
Nf3 f5 8. exf6 Nxf6 9. Qg5 Ne4 10. Qxd8+ Kxd8 11. g3 Rg8 12. Bg2 h6 13. O-O Be7
14. Ne5 Nd4 15. Bxd4 cxd4 16. Bxe4 dxe4 17. Re1 Bc5 18. Kf1 b6 19. Rxe4 Bb7 20.
Re2 Rf8 21. c4 g5 22. Nd3 gxf4 23. gxf4 Bd6 24. a4 Bxf4 25. Rf2 Bd6 26. Rxf8+
Bxf8 27. Na3 Bd6 28. Nb5 Bxh2 29. Nxd4 Ke7 30. a5 Rg8 31. Re1 Rg1+ 32. Ke2
Rxe1+ 33. Kxe1 h5 34. axb6 axb6 35. Kf1 h4 36. Nf2 Kd6 37. b4 Be5 38. Ne2 Ke7
39. d4 Bf6 40. b5 Bf3 41. Nf4 Kf7 42. d5 exd5 43. Nxd5 Bd4 44. Nh3 Ke8 45. Ndf4
Kd7 46. Ng2 Bg4 47. Nf2 h3 48. Nxg4 hxg2+ 1/2-1/2

[Event "ODJM A 2023"]
[Site "Willingen GER"]
[Date "2023.05.28"]
[Round "1"]
[White "Gerlach, Felix"]
[Black "Frohnhäuser, Simon"]
[Result "1/2-1/2"]
[Termination "normal"]
[Board "12"]
[WhiteElo "2078"]
[BlackElo "1901"]
[WhiteClock "01:04:30"]
[BlackClock "01:10:37"]
[PlyCount "70"]
[WhiteFideId "12957690"]
[BlackFideId "16208528"]
[EventCountry "GER"]
[EventRounds "9"]
[EventType "swiss"]
[EventDate "2023.05.27"]

1. d4 Nf6 2. c4 e6 3. Nc3 Bb4 4. Qc2 Nc6 5. Nf3 d6 6. e3 O-O 7. Be2 e5 8. dxe5
dxe5 9. a3 Bxc3+ 10. Qxc3 e4 11. Nd2 a5 12. b3 Qe7 13. Bb2 Re8 14. g4 Qf8 15.
g5 Nd7 16. c5 Nxc5 17. Rc1 Na6 18. h4 Bf5 19. Nf1 Ne5 20. Ng3 Bd7 21. Rg1 Bc6
22. h5 Rad8 23. Nf5 Rd5 24. Bc4 Rc5 25. Nh6+ Kh8 26. Qxe5 Rexe5 27. Bxe5 Be8
28. Bd4 Rc6 29. Nf5 Qxa3 30. Rd1 Qb4+ 31. Kf1 Rxc4 32. bxc4 Qxc4+ 33. Kg2 Qe6
34. Bxg7+ Kg8 35. Rd8 Qxf5 1/2-1/2

[Event "ODJM A 2023"]
[Site "Willingen GER"]
[Date "2023.05.28"]
[Round "1"]
[White "Mader, Fabian"]
[Black "Kruse, Victor"]
[Result "0-1"]
[Termination "normal"]
[Board "13"]
[WhiteElo "1889"]
[BlackElo "1964"]
[PlyCount "77"]
[WhiteFideId "16265866"]
[BlackFideId "16256964"]
[EventCountry "GER"]
[EventRounds "9"]
[EventType "swiss"]
[EventDate "2023.05.27"]

{normal} 1. e4 1... c6 2. Nc3 d5 3. Nf3 Bg4 4. h3 Bxf3 5. Qxf3 e6 6. d4 Nf6 7.
Bg5 Be7 8. O-O-O O-O 9. Bd3 Nbd7 10. e5 Ne8 11. h4 c5 12. Qh5 g6 13. Qg4 cxd4
14. Qxd4 f6 15. exf6 Bxf6 16. Qg4 Ng7 17. f4 Qb6 18. Bxf6 Nxf6 19. Qg5 Nfh5 20.
g4 Nxf4 21. h5 Qd8 22. Qh6 Nxd3+ 23. Rxd3 Qf6 24. hxg6 Qxg6 25. Rdh3 Rf6 26.
Qxh7+ Qxh7 27. Rxh7 Re8 28. Rh8+ Kf7 29. Rxe8 Nxe8 30. Rh7+ Ng7 31. Nb5 Kg8 32.
Rh2 Rg6 33. Rg2 a6 34. Nd6 b5 35. Kd2 Kf8 36. Nb7 Ke7 37. b4 e5 38. Nc5 Ne6 39.
Re2 {Zeit} 0-1

[Event "ODJM A 2023"]
[Site "Willingen GER"]
[Date "2023.05.28"]
[Round "1"]
[White "Sabirov, Ramil"]
[Black "Kieselbach, Jannik"]
[Result "1-0"]
[Termination "normal"]
[Board "14"]
[WhiteElo "2109"]
[BlackElo "1765"]
[PlyCount "57"]
[WhiteFideId "12900303"]
[BlackFideId "16246403"]
[EventCountry "GER"]
[EventRounds "9"]
[EventType "swiss"]
[EventDate "2023.05.27"]

{normal} 1. Nf3 1... Nf6 2. c4 e6 3. g3 d5 4. d4 Be7 5. Bg2 O-O 6. O-O c6 7.
Qc2 Nbd7 8. Rd1 b6 9. Nbd2 Bb7 10. e4 dxe4 11. Nxe4 Nxe4 12. Qxe4 Nf6 13. Qe2
Qc8 14. Bg5 Re8 15. Ne5 h6 16. Bxf6 Bxf6 17. c5 bxc5 18. dxc5 Be7 19. Qh5 Rf8
20. Rab1 f6 21. Rd7 fxe5 22. Rxe7 Rf6 23. Rd1 Ba6 24. Rdd7 Qf8 25. Qxe5 Re8 26.
Rxe8 Qxe8 27. Rxa7 Bc4 28. Rb7 Qd8 29. Rb8 1-0

[Event "ODJM A 2023"]
[Site "Willingen GER"]
[Date "2023.05.28"]
[Round "1"]
[White "Seitz, Manuel"]
[Black "Hofmann, Lorenz"]
[Result "0-1"]
[Termination "normal"]
[Board "15"]
[WhiteElo "1791"]
[BlackElo "2061"]
[PlyCount "102"]
[WhiteFideId "16215770"]
[BlackFideId "12995509"]
[EventCountry "GER"]
[EventRounds "9"]
[EventType "swiss"]
[EventDate "2023.05.27"]

{normal} 1. e4 1... e5 2. Nf3 Nc6 3. Bc4 Bc5 4. b4 Bxb4 5. c3 Ba5 6. d4 exd4 7.
Qb3 Qe7 8. O-O Bb6 9. cxd4 Nxd4 10. Nxd4 Bxd4 11. Nc3 c6 12. Ba3 Qf6 13. e5
Bxe5 14. Rfe1 Kd8 15. Bxf7 Nh6 16. Bc4 Re8 17. Ne4 Bxh2+ 18. Kxh2 Qh4+ 19. Kg1
Rxe4 20. Rxe4 Qxe4 21. Bd3 Qf4 22. g3 Qf6 23. Re1 d6 24. Bf1 Kc7 25. Rd1 c5 26.
Bg2 Rb8 27. Qc2 Bf5 28. Qa4 Bd7 29. Qxa7 Ng4 30. Qa5+ b6 31. Qd2 Qh6 32. Qd5
Ne5 33. Bb2 Bc6 34. Qb3 Bxg2 35. Kxg2 Qh5 36. Re1 Nc6 37. Bxg7 b5 38. Bb2 c4
39. Qc3 Rf8 40. Qe3 Qd5+ 41. Kg1 b4 42. a3 Rf3 43. Qc1 c3 44. Ba1 Qd4 45. Re2
b3 46. Kg2 Rd3 47. Re1 Ne5 48. Kf1 Qc4 49. Kg2 Qd5+ 50. Kh3 c2 51. Bb2 Nc4 0-1

[Event "ODJM A 2023"]
[Site "Willingen GER"]
[Date "2023.05.28"]
[Round "1"]
[White "Stork, Christopher"]
[Black "Ruddat, Jarne"]
[Result "1-0"]
[Termination "normal"]
[Board "16"]
[WhiteElo "2035"]
[BlackElo "1846"]
[PlyCount "35"]
[WhiteFideId "16215400"]
[BlackFideId "16254236"]
[EventCountry "GER"]
[EventRounds "9"]
[EventType "swiss"]
[EventDate "2023.05.27"]

{normal} 1. b3 1... Nf6 2. Bb2 d5 3. Nf3 Bf5 4. e3 e6 5. c4 Nbd7 6. Be2 Bd6 7.
O-O O-O 8. Nc3 c6 9. d4 b6 10. Rc1 Ne4 11. cxd5 cxd5 12. Nb5 Ndf6 13. Nxd6 Nxd6
14. Ne5 Qe7 15. Ba6 Nb7 16. Nc6 Qd7 17. Ba3 Rfe8 18. Ne5 1-0

[Event "ODJM A 2023"]
[Site "Willingen GER"]
[Date "2023.05.28"]
[Round "1"]
[White "Menzel, Maximilian"]
[Black "Brunner, Tobias"]
[Result "1-0"]
[Termination "normal"]
[Board "17"]
[WhiteElo "1855"]
[BlackElo "2017"]
[WhiteClock "00:32:36"]
[BlackClock "00:51:27"]
[PlyCount "55"]
[WhiteFideId "34617280"]
[BlackFideId "12949833"]
[EventCountry "GER"]
[EventRounds "9"]
[EventType "swiss"]
[EventDate "2023.05.27"]

1. d4 {[%emt 0:00:03]} 1... d5 {[%emt 0:00:16]} 2. c4 {[%emt 0:00:08]} 2... e6
{[%emt 0:00:07]} 3. Nf3 {[%emt 0:00:05]} 3... Nf6 {[%emt 0: 00:36]} 4. g3
{[%emt 0:00:06]} 4... b6 {[%emt 0:09:02]} 5. Bg2 {[%emt 0:00:02]} 5... Bb7
{[%emt 0:04:46]} 6. Ne5 {[%emt 0:01:08]} 6... Bb4+ {[%emt 0:04:44]} 7. Nd2
{[%emt 0: 11:17]} 7... O-O {[%emt 0:01:03]} 8. Qa4 {[%emt 0:04:24]} 8... a5
{[%emt 0:10:02]} 9. O-O {[%emt 0:01:56]} 9... Qe8 {[%emt 0:01:23]} 10. Qc2
{[%emt 0:02:31]} 10... Na6 {[%emt 0:08: 39]} 11. cxd5 {[%emt 0:00:04]} 11...
exd5 {[%emt 0:01:54]} 12. Ndf3 {[%emt 0:35:59]} 12... Ne4 13. Bf4 Rd8 14. Rac1
14... Bd6 {[%emt 0:00:02]} 15. Rfd1 {[%emt 0:15:49]} 15... Nb4 16. Qb1 f6 17.
Nd3 Na6 18. a3 Qb5 19. Qc2 Rfe8 20. Nd2 g5 21. Bxd6 Nxd6 22. e3 Rd7 23. a4 Nb4
24. axb5 Nxc2 25. Rxc2 Nxb5 26. Rdc1 Ree7 27. Nb1 Nd6 28. Bh3 1-0

[Event "ODJM A 2023"]
[Site "Willingen GER"]
[Date "2023.05.28"]
[Round "1"]
[White "Winkler, Yonathan"]
[Black "Matthes, Benjamin"]
[Result "1-0"]
[Termination "normal"]
[Board "18"]
[WhiteElo "2007"]
[BlackElo "1816"]
[WhiteClock "00:51:27"]
[BlackClock "00:38:42"]
[PlyCount "69"]
[WhiteFideId "16266080"]
[BlackFideId "16227298"]
[EventCountry "GER"]
[EventRounds "9"]
[EventType "swiss"]
[EventDate "2023.05.27"]

1. e4 {[%emt 0:00:02]} 1... c5 {[%emt 0:00:38]} 2. Nf3 {[%emt 0:00:07]} 2...
Nc6 {[%emt 0:00:52]} 3. d4 {[%emt 0:00:06]} 3... cxd4 {[%emt 0:00: 08]} 4. Nxd4
{[%emt 0:00:05]} 4... Nf6 {[%emt 0:00:12]} 5. Nc3 {[%emt 0:00:06]} 5... e5
{[%emt 0:00:44]} 6. Ndb5 {[%emt 0:00:05]} 6... d6 {[%emt 0:00:30]} 7. Bg5
{[%emt 0: 00:05]} 7... a6 {[%emt 0:00:15]} 8. Na3 {[%emt 0:00:10]} 8... b5
{[%emt 0:00:07]} 9. Nd5 {[%emt 0:00:04]} 9... Be7 {[%emt 0:00:51]} 10. Bxf6
{[%emt 0:00:06]} 10... Bxf6 {[%emt 0: 00:07]} 11. c4 {[%emt 0:02:49]} 11... b4
{[%emt 0:08:40]} 12. Nc2 {[%emt 0:00:06]} 12... O-O {[%emt 0:04:07]} 13. h4
{[%emt 0:01:23]} 13... Be6 {[%emt 0:07:40]} 14. g3 {[%emt 0:06:13]} 14... a5
{[%emt 0:18:46]} 15. Bg2 {[%emt 0:08:01]} 15... Bxd5 16. Qxd5 Qb6 17. Qd3
{[%emt 0:15:22]} 17... b3 18. axb3 Nb4 19. Nxb4 Qxb4+ 20. Qc3 Qxc3+ 21. bxc3
Rfb8 22. Rb1 a4 23. b4 a3 24. Kd2 a2 25. Ra1 Rc8 26. Bf1 Ra3 27. Kc2 h6 28. Kb2
Rca8 29. Bd3 g5 30. hxg5 Bxg5 31. Bc2 Bd2 32. Bb3 R3a7 33. Rhd1 Bg5 34. Rxd6
Ra3 35. Rxa2 1-0

[Event "ODJM A 2023"]
[Site "Willingen GER"]
[Date "2023.05.28"]
[Round "1"]
[White "Andresen, Marc"]
[Black "Mühlich, Cornelius"]
[Result "1/2-1/2"]
[Termination "normal"]
[Board "21"]
[WhiteElo "1748"]
[BlackElo "1910"]
[WhiteClock "01:12:03"]
[BlackClock "00:48:24"]
[PlyCount "83"]
[WhiteFideId "16233719"]
[BlackFideId "12963712"]
[EventCountry "GER"]
[EventRounds "9"]
[EventType "swiss"]
[EventDate "2023.05.27"]

1. Nf3 {[%emt 0:00:02]} 1... c5 {[%emt 0:00:52]} 2. c4 {[%emt 0:00:07]} 2...
Nf6 {[%emt 0:00:18]} 3. g3 {[%emt 0:00:07]} 3... g6 {[%emt 0:02:16]} 4. Bg2
{[%emt 0:00: 12]} 4... Bg7 {[%emt 0:00:02]} 5. Nc3 {[%emt 0:00:09]} 5... Nc6
{[%emt 0:02:46]} 6. d4 {[%emt 0:01:29]} 6... cxd4 {[%emt 0:00:27]} 7. Nxd4
{[%emt 0:00:18]} 7... O-O {[%emt 0:01: 39]} 8. O-O {[%emt 0:00:13]} 8... Qb6
{[%emt 0:10:06]} 9. Nb3 {[%emt 0:07:41]} 9... d6 {[%emt 0:02:55]} 10. Be3
{[%emt 0:15:12]} 10... Qd8 {[%emt 0:04:49]} 11. c5 {[%emt 0: 01:58]} 11... d5
{[%emt 0:17:53]} 12. Nxd5 Nxd5 13. Qxd5 Bxb2 14. Rab1 Bf6 15. Rfd1 Bf5 16. Qxd8
Rfxd8 17. Rxd8+ Rxd8 18. Re1 Bc3 19. Rc1 Bb2 20. Re1 Bc3 21. Rc1 Bb2 22. Re1
Rd7 23. Bh6 Bc3 24. Rc1 Bb2 25. Re1 e5 26. e4 Be6 27. Bf1 Nd4 28. Kg2 Ba3 29.
Be3 Bg4 30. Bxd4 exd4 31. Bc4 Bb2 32. h3 Be6 33. Bxe6 fxe6 34. e5 Rd5 35. f4
Kf7 36. Rd1 Ke7 37. Kf3 Bc3 38. Ke4 a5 39. a4 Ke8 40. Kd3 Kd7 41. Kc4 Kc6 42.
Nxd4+ 1/2-1/2

[Event "ODJM A 2023"]
[Site "Willingen GER"]
[Date "2023.05.28"]
[Round "1"]
[White "Grunert, Friedrich"]
[Black "Albayrak, Berrak"]
[Result "1/2-1/2"]
[Termination "normal"]
[Board "22"]
[WhiteElo "1975"]
[BlackElo "1664"]
[WhiteClock "01:10:29"]
[BlackClock "00:26:16"]
[PlyCount "109"]
[WhiteFideId "12995592"]
[BlackFideId "16241657"]
[EventCountry "GER"]
[EventRounds "9"]
[EventType "swiss"]
[EventDate "2023.05.27"]

1. d4 {[%emt 0:00:02]} 1... Nf6 {[%emt 0:00:08]} 2. c4 {[%emt 0:00:04]} 2... g6
{[%emt 0: 00:14]} 3. Nc3 {[%emt 0:00:04]} 3... Bg7 {[%emt 0:00:13]} 4. e4
{[%emt 0:00:06]} 4... d6 {[%emt 0:00:11]} 5. Nf3 {[%emt 0:00:07]} 5... O-O
{[%emt 0:00:21]} 6. Be2 {[%emt 0: 00:23]} 6... e5 {[%emt 0:02:58]} 7. Be3
{[%emt 0:00:06]} 7... exd4 {[%emt 0:02:37]} 8. Nxd4 {[%emt 0:00:04]} 8... Re8
{[%emt 0:00:55]} 9. f3 {[%emt 0:00:05]} 9... c6 {[%emt 0: 00:41]} 10. Bf2
{[%emt 0:00:05]} 10... d5 {[%emt 0:00:59]} 11. exd5 {[%emt 0:00:55]} 11... cxd5
{[%emt 0:02:25]} 12. O-O 12... Nc6 {[%emt 0:01:27]} 13. c5 {[%emt 0:01:18]}
13... Bf8 {[%emt 0:25:18]} 14. Nc2 {[%emt 0:08:40]} 14... d4 {[%emt 0:12:08]}
15. Nxd4 15... Bxc5 {[%emt 0:00:38]} 16. Nxc6 {[%emt 0:00:08]} 16... Bxf2+
{[%emt 0:00:31]} 17. Rxf2 17... Qxd1+ {[%emt 0:36:22]} 18. Rxd1 bxc6 19. Rd6
Re6 20. Rd8+ {[%emt 0:03:14]} 20... Re8 21. Rxe8+ Nxe8 22. Bd1 {[%emt 0:12:29]}
22... Be6 23. Rd2 Kf8 24. Ba4 Rc8 25. b3 Ke7 26. Ne2 h5 27. Rc2 Kd6 28. Nd4 Bd7
29. b4 Nf6 30. Rc5 Nd5 31. a3 Nb6 32. Bb3 Be8 33. Kf2 Rc7 34. f4 Re7 35. g3 Re4
36. Nf3 f6 37. Nd2 Re7 38. Kf3 f5 39. Kf2 Bf7 40. Bxf7 Rxf7 41. Nf3 Nd7 42. Ra5
Nf6 43. h3 Ne4+ 44. Kg2 Rg7 45. Ra6 Kd5 46. h4 c5 47. Ra5 Kd6 48. bxc5+ Nxc5
49. Nd4 Rb7 50. Rxa7 Rb2+ 51. Kf3 Kd5 52. Ne2 Rb3+ 53. Kg2 Rb2 54. Kf3 Rb3+ 55.
Kg2 1/2-1/2